000 00926nam a2200301Ia 4500
003 OSt
005 20220912151050.0
006 a|||||r|||| 00| 0
007 ta
008 220909b |||||||| |||| 00| 0 eng d
020 _a3540415947 (pbk)
024 _a8937
037 _bAshutosh,
037 _cTextbook
040 _aCSL
_beng
_cCSL
041 _aeng
082 _aD65,8(B)9, P1 TD
100 _aCiancarini Paolo Ed
245 0 _aAgent-oriented software engineering
260 _aBerlin
_bSpringer-Verlag
_c2001
300 _ax, 321p
500 _aIncludes bibliographical references; Includes bibliographical references.; Index 323p.
_ccm.
650 _a Software engineering
650 _aComputer science
700 _a Wooldridge Michael J Ed
942 _hD65,8(B)9, P1 TD
_cTB
_2CC
999 _c60540
_d60540